Učebnice pilota 2016: Pro žáky a piloty letounů a sportovních létajících zařízení, provozujících létání jako svou zájmovou činnost /

Enregistré dans:
Détails bibliographiques
Auteurs principaux: Nejezchleb, Martin (Auteur), Truska, Oldřich (Auteur), Dzvoník, Oliver (Auteur), Dvořák, Petr (Auteur), Keller, Ladislav (Auteur), Janíček, Tomáš (Auteur), Jelínek, Alexandr (Auteur), Havelka, Radoslav (Auteur)
Format: Livre
Langue:tchèque
Publié: Cheb: Svět křídel, 2016
Édition:1. vyd.
Sujets:
Tags: Ajouter un tag
Pas de tags, Soyez le premier à ajouter un tag!

MARC

LEADER 00000nam a22000003a 4500
001 0015633
003 SK-STU
005 20230511095851.6
007 ta
008 160630s ----xo-----e------000-0-----d
020 |a 978-80-87567-89-0 
040 |a STU  |b slo 
041 0 |a cze  |h cze 
044 |a xr 
100 1 |a Nejezchleb, Martin  |4 aut  |r Z6 
245 1 0 |a Učebnice pilota 2016:  |b Pro žáky a piloty letounů a sportovních létajících zařízení, provozujících létání jako svou zájmovou činnost /  |c aut. Martin Nejezchleb, Oldřich Truska, Oliver Dzvoník, Petr Dvořák, Ladislav Keller, Tomáš Janíček, Alexandr Jelínek, Radoslav Havelka 
250 |a 1. vyd. 
260 |a Cheb:  |b Svět křídel,  |c 2016 
300 |a 405 s. 
650 0 7 |a letectvo 
650 0 7 |a pilot 
650 0 7 |a meteorológia 
650 0 7 |a rádiotechnika 
700 1 |a Truska, Oldřich  |r Z6  |4 aut 
700 1 |a Dzvoník, Oliver  |r Z6  |4 aut 
700 1 |a Dvořák, Petr  |4 aut 
700 1 |a Keller, Ladislav  |r Z6  |4 aut 
700 1 |a Janíček, Tomáš  |r Z6  |4 aut 
700 1 |a Jelínek, Alexandr  |r Z6  |4 aut 
700 1 |a Havelka, Radoslav  |r Z6  |4 aut 
996 |c V* 52364/O-23521  |l VV4  |s P  |a 0  |w 0015633_0001 
996 |b 284EK89711  |c E* 89711  |l EE30  |s P  |a 0  |w 0015633_0002 
996 |b 284EK89739  |c E* 89739  |l EE31  |s P  |a 0  |w 0015633_0003 
996 |b 284EK89740  |c E* 89740  |l EE31  |s P  |a 0  |w 0015633_0004